000 00348nam a2200133Ia 4500
008 240624s9999 xx 000 0 und d
041 _aeng
082 _a158.1 SEC
100 _aSECUNDA AL
245 _a15 SECOND PRINCIPLE SHORT SIMPLE STEPS T
260 _c2006
_aMumbai
_bJaico Publishing House
300 _a219 : p. : cm. ; 21
365 _cRS
_b30
999 _c8200
_d8200